| 000 | 01973cam a2200289 a 4500 | ||
|---|---|---|---|
| 001 | 15653113 | ||
| 003 | ARRUPE | ||
| 005 | 20131024175822.0 | ||
| 008 | 090309s2009 miu b 000 0 eng | ||
| 010 | _a 2009009680 | ||
| 020 | _a9780802848680 (pbk. : alk. paper) | ||
| 020 | _a0802848680 (pbk. : alk. paper) | ||
| 035 | _a(OCoLC)ocn262878968 | ||
| 040 |
_aDLC _cDLC _dYDX _dBTCTA _dYDXCP _dEMT _dIMC _dVUT _dKAT _dDLC |
||
| 050 | 0 | 0 |
_aBX1378.6 _b.P66 2009 |
| 245 | 0 | 4 |
_aThe Pontificate of Benedict XVI : _bits premises and promises / _cedited and with an introduction by William G. Rusch. |
| 260 |
_aGrand Rapids, Mich. : _bWilliam B. Eerdmans Pub., _c2009. |
||
| 300 |
_axiv, 173 p. ; _c23 cm. |
||
| 504 | _aIncludes bibliographical references. | ||
| 505 | 0 | _aBenedict XVI, the ends of European Christendom, and the horizons of world Christianity / Dale T. Irvin -- Providential pluralism : an ecumenical gift? / Ephraim Radner -- Pope Benedict XVI as theologian, philosopher of religion, and ecumenist / Harding Meyer -- The sting of death : the unavoidable question and the response of faith / Geoffrey Wainwright -- Will the ecclesiology of Cardinal Ratzinger influence the pontificate of Pope Benedict XVI? / Metropolitan Maximos of Pittsburgh -- Of like passion : a Pentecostal appreciation of Benedict XVI / Cheryl Bridges-Johns -- The professor, the prefect, and the pope : Joseph Ratzinger : a Reformed appreciation / Joseph D. Small -- Benedict XVI : apostle of the "pierced heart of Jesus" / Sara Butler -- Postcript / Richard John Neuhaus. | |
| 600 | 0 | 0 |
_aBenedict _bXVI, _cPope, _d1927- _93022 |
| 700 | 1 |
_aRusch, William G. _93023 |
|
| 856 | 4 | 1 |
_3Table of contents only _uhttp://www.loc.gov/catdir/toc/fy1002/2009009680.html |
| 906 |
_a7 _bcbc _corignew _d1 _eecip _f20 _gy-gencatlg |
||
| 942 |
_2lcc _cMONOGRAPH |
||
| 999 |
_c118466 _d118466 |
||